| 000 | 00378cam a2200145ua 4500 | ||
|---|---|---|---|
| 003 | OSt | ||
| 008 | 250104b |||||||| |||| 00| 0 eng d | ||
| 041 | _aeng | ||
| 082 |
_a621.381 _bSUB/EL |
||
| 100 |
_aSubramanyam, B . _96771 |
||
| 245 | _aElectric circuit analysis / | ||
| 260 |
_aNew Delhi : _bI.K International Publishing House , _c2008. |
||
| 300 | _a736 ; . | ||
| 942 | _cBK | ||
| 999 |
_c13129 _d13129 |
||